000
00336 a2200145 4500
001
149515
040
_c
Escola São Tomás de Aquino
100
_a
ALBERGARIA , Lino de
240
1
0
_a
O livro de Marieta
_l
por
245
1
0
_a
O livro de Marieta
300
_a
92
362
0
_a
2014
697
_a
*LITERATURA INFANTO JUVENIL
942
_c
BK
999
_c
149515
_d
149515